000 00412nam a2200145Ia 4500
005 20251222153618.0
008 251222s9999||||xx |||||||||||||| ||spa||
020 _a9786034002968
082 _a346.730.166/P66
100 _aPlácido Vilcachagua, Alex
245 0 _aLas Casuales de Divorcio y Separación de Cuerpos en la Jurisprudencia Civil
250 _a1ra.ed.
264 _bGaceta Jurídica
942 _cLIB
999 _c31881
_d31881